Cities in Slovakia by picture #2 - Statistics

General Stats
  • This quiz has been taken 8 times
  • The average score is 7 of 16
Answer Stats
Picture Answer % Correct
Trenčín
100%
Medzilaborce
86%
Komárno
71%
Piešťany
71%
Senec
71%
Kolárovo
57%
Terchová
57%
Trnava
57%
Fiľakovo
43%
Liptovský Mikuláš
29%
Podbrezová
29%
Brhlovce
14%
Holíč
14%
Námestovo
14%
Modra
0%
Svätý Jur
0%
No matching quizzes found
Score Distribution
Percent of People with Each Score
Percentile by Number Answered
Your Score History
You have not taken this quiz